[Event "FRA-ch U16"]
[Site "Pau"]
[Date "2015.04.30"]
[Round "6"]
[White "Laurent Paoli, Pierre"]
[Black "Commercon, Joachim"]
[Result "0-1"]
[WhiteElo "1980"]
[BlackElo "2043"]
[PlyCount "80"]
[EventDate "2015.04.26"]
[EventType "swiss"]
[EventRounds "9"]
[EventCountry "FRA"]
[SourceTitle "CBM 166 Extra"]
[Source "ChessBase"]
[SourceDate "2015.06.18"]
[SourceVersion "1"]
[SourceVersionDate "2015.06.18"]
[SourceQuality "1"]

1. d4 Nf6 2. c4 c5 3. d5 b5 4. Nf3 d6 5. cxb5 a6 6. b6 Nbd7 7. Nc3 Qxb6 8. e4 g6 9. Be2 Bg7 10. Nd2 0-0 11. Nc4 Qd8 12. Bf4 Nb6 13. Ne3 Nfd7 14. a4 a5 15. 0-0 Nb8 16. Qd2 Na6 17. Ra3 Nb4 18. Re1 Ba6 19. Bxa6 Rxa6 20. Nb5 Qd7 21. Qe2 Raa8 22. Ng4 Nc2 23. Qxc2 Qxg4 24. Bd2 Rfb8 25. Rh3 h5 26. Ree3 Qd7 27. b3 c4 28. bxc4 Rc8 29. Bc3 Rxc4 30. Qb3 Rac8 31. Bxa5 Nxa4 32. Re1 R8c5 33. Na3 Rc1 34. Rhe3 Rxe1+ 35. Bxe1 Rc1 36. Nb5 Nc5 37. Qa3 Ra1 38. Qb4 Nd3 39. Qc4 Nxe1 40. Ra3 Nf3# 0-1

[Event "FRA-chT U20 16 GP Basse 1011"]
[Site "France"]
[Date "2011.06.12"]
[Round "9"]
[White "Legrand, Vincent"]
[Black "Commercon, Joachim"]
[Result "1-0"]
[WhiteElo "1422"]
[BlackElo "1542"]
[PlyCount "49"]
[EventDate "2010.06.20"]
[EventType "team-tourn"]
[EventRounds "11"]
[EventCountry "FRA"]
[SourceTitle "EXT 2015"]
[Source "ChessBase"]
[SourceDate "2014.11.20"]
[SourceVersion "1"]
[SourceVersionDate "2014.11.20"]
[SourceQuality "1"]
[WhiteTeam "Hyeres (U20)"]
[BlackTeam "Potemkine (U20)"]
[WhiteTeamCountry "FRA"]
[BlackTeamCountry "FRA"]

1. e4 c5 2. Nf3 Nc6 3. d4 cxd4 4. Nxd4 Nf6 5. Nc3 d6 6. Be3 g6 7. f3 Bg7 8. Qd2 a6 9. 0-0-0 Bd7 10. Bc4 b5 11. Bb3 Rc8 12. g4 Ne5 13. h4 Nc4 14. Bxc4 Rxc4 15. Bh6 Nxe4 16. Nxe4 Rxd4 17. Qe3 Qb6 18. Rde1 Bxh6 19. Qxh6 Rc4 20. Qg7 Rf8 21. Nf6+ Kd8 22. Qxf8+ Kc7 23. Qxe7 Qc5 24. Qxd7+ Kb6 25. Qd8+ 1-0

[Event "FRA-chTB U20 1011"]
[Site "France"]
[Date "2010.12.18"]
[Round "4.6"]
[White "Commercon, Joachim"]
[Black "Kieffer, Anatole"]
[Result "0-1"]
[WhiteElo "1615"]
[BlackElo "1671"]
[PlyCount "92"]
[EventDate "2010.11.20"]
[EventType "team-tourn"]
[EventRounds "7"]
[EventCountry "FRA"]
[SourceTitle "EXT 2012"]
[Source "ChessBase"]
[SourceDate "2011.11.24"]
[SourceVersion "1"]
[SourceVersionDate "2011.11.24"]
[SourceQuality "1"]
[WhiteTeam "Potemkine"]
[BlackTeam "Clichy"]
[WhiteTeamCountry "FRA"]
[BlackTeamCountry "FRA"]

1. e4 e5 2. Nc3 Nf6 3. f4 d5 4. d3 dxe4 5. fxe5 Nfd7 6. Nxe4 Nxe5 7. Nf3 Nbc6 8. Bf4 Nxf3+ 9. Qxf3 Nd4 10. Qf2 f5 11. Be3 Nc6 12. Nc3 Bd6 13. Be2 0-0 14. Bf4 Re8 15. 0-0-0 Bxf4+ 16. Qxf4 Nd4 17. Bf3 Nxf3 18. gxf3 Qd6 19. Qg5 Be6 20. Rhg1 Re7 21. h4 a6 22. h5 Rf8 23. h6 g6 24. Qh4 Ree8 25. d4 b5 26. d5 Bd7 27. Qd4 Qe5 28. Qxe5 Rxe5 29. Rge1 Rfe8 30. Rxe5 Rxe5 31. d6 c6 32. a3 Kf7 33. Kd2 Re6 34. Kc1 g5 35. Rg1 Kg6 36. f4 g4 37. Nd1 Kxh6 38. Nf2 Rxd6 39. Nd3 Kg7 40. Ne5 Be8 41. c3 h5 42. Rh1 Rh6 43. Nd3 h4 44. Ne1 h3 45. Kd2 c5 46. Ke2 Bc6 0-1

[Event "FRA-chT U20 0809"]
[Site "Sautron"]
[Date "2009.01.04"]
[Round "7.10"]
[White "Commercon, Joachim"]
[Black "Bellahcene, Anissa"]
[Result "1-0"]
[WhiteElo "1520"]
[BlackElo "1340"]
[PlyCount "77"]
[EventDate "2008.10.??"]
[EventType "team-tourn"]
[EventRounds "11"]
[EventCountry "FRA"]
[SourceTitle "EXT 2010"]
[Source "ChessBase"]
[SourceDate "2010.11.25"]
[SourceVersion "1"]
[SourceVersionDate "2010.11.25"]
[SourceQuality "1"]

1. e4 e5 2. Nf3 Nc6 3. Bc4 Bc5 4. Nc3 Nf6 5. d3 d6 6. Bg5 h6 7. Bh4 g5 8. Bg3 Bg4 9. h3 Bh5 10. Bh2 g4 11. hxg4 Bxg4 12. a3 Nd4 13. Nd5 c6 14. Ne3 Nxf3+ 15. gxf3 Be6 16. Bxe6 fxe6 17. Nc4 Rg8 18. Rg1 Rxg1+ 19. Bxg1 Qe7 20. Qd2 Qg7 21. 0-0-0 0-0-0 22. Bh2 Rg8 23. Kb1 h5 24. Rg1 Qf7 25. Rd1 Qg7 26. b4 Bd4 27. c3 Bb6 28. Nxd6+ Kc7 29. Bxe5 Kd7 30. Nc4 h4 31. Nxb6+ axb6 32. Qf4 Rf8 33. Qxh4 Ke7 34. Bg3 Rh8 35. Qf4 Ne8 36. d4 Rf8 37. Qh4+ Qf6 38. Qxf6+ Rxf6 39. Bh4 1-0

[Event "FRA-chT U20 0809"]
[Site "Sautron"]
[Date "2009.01.02"]
[Round "4.7"]
[White "Commercon, Joachim"]
[Black "Zychowski, Adrien"]
[Result "0-1"]
[WhiteElo "1410"]
[BlackElo "1380"]
[PlyCount "138"]
[EventDate "2008.10.??"]
[EventType "team-tourn"]
[EventRounds "11"]
[EventCountry "FRA"]
[SourceTitle "EXT 2010"]
[Source "ChessBase"]
[SourceDate "2010.11.25"]
[SourceVersion "1"]
[SourceVersionDate "2010.11.25"]
[SourceQuality "1"]

1. e4 e5 2. Nf3 Nc6 3. Bc4 Be7 4. Nc3 Nf6 5. d3 d6 6. h3 0-0 7. 0-0 a6 8. Nd5 Nxd5 9. Bxd5 Nb8 10. Re1 c6 11. Bb3 Be6 12. Bxe6 fxe6 13. c3 Nd7 14. Qb3 Nc5 15. Qd1 Qb6 16. Rb1 Nd7 17. Be3 c5 18. b4 Qc7 19. Qb3 Rf6 20. Bg5 Rxf3 21. Qxe6+ Rf7 22. Bxe7 Re8 23. Qxd6 Qxd6 24. Bxd6 Rf6 25. bxc5 b6 26. d4 exd4 27. cxd4 bxc5 28. dxc5 Rc8 29. Rbc1 Re6 30. e5 Rce8 31. c6 Nf6 32. c7 Rc8 33. Re2 h6 34. Rb2 Nd7 35. Rd2 Kf7 36. Rd3 Ke8 37. Rf3 Nxe5 38. Re3 Rxd6 39. Rxe5+ Kd7 40. Rec5 Rb6 41. R5c2 Rb7 42. f4 Rbxc7 43. Rxc7+ Rxc7 44. Rxc7+ Kxc7 45. Kf2 Kc6 46. Ke2 Kc5 47. Kd3 Kd5 48. g4 g6 49. h4 a5 50. h5 gxh5 51. gxh5 a4 52. a3 Ke6 53. Ke4 Kf6 54. Kf3 Kf5 55. Kg3 Ke6 56. Kg4 Kf6 57. Kf3 Kf5 58. Kg3 Ke6 59. Kg4 Kf6 60. f5 Ke5 61. Kf3 Kxf5 62. Kg3 Kg5 63. Kf3 Kxh5 64. Kg3 Kg5 65. Kf3 Kf5 66. Ke3 h5 67. Kf3 Ke5 68. Kg3 Kd4 69. Kh4 Kc3 0-1